| 000 | 00757nam a22002055i 4500 | ||
|---|---|---|---|
| 001 | 157596 | ||
| 003 | ES-MaACL | ||
| 005 | 20250729063230.0 | ||
| 008 | 960320s1868 gw |||| | eng d | ||
| 080 | _a821.112.2-21"17" | ||
| 100 | 1 |
_aLessing, Gotthold Ephraim, _d1729-1781 _971851 |
|
| 245 | 1 | 0 |
_aNathan the wise _b: a dramatic poem in five acts ; Emilia Galotti : a tragedy in five acts / _cLessing ; translated [the first] by W. Taylor, [the second] by Charles Lee Lewes. |
| 260 |
_aLeipzig : _bBernhard Tauchnitz, _c1868. |
||
| 300 |
_a298 p. ; _c17 cm. |
||
| 700 | 1 |
_aTaylor, W. _9133157 |
|
| 700 | 1 |
_aLewes, Charles Lee. _9146456 |
|
| 740 | 0 | _aEmilia Galotti. | |
| 852 |
_aES-MaACL _jG-12633 _z-- Enc. hol. |
||
| 999 |
_c157596 _d157596 |
||